000 00852cam0a220026500 4500
001 qce01698626
005 20190823110619.0
008 740312s1973 enk 001 0 eng
010 _a 74157272
020 _a0859690016
035 _a(Sirsi) r100717
035 _a(QCAT)lss00560268
035 _a(UPRA)qce01698626
040 _dUPRA
050 0 _aBR85
_b.P599 1973
082 _a261
100 1 _aPowell, J. Enoch (John Enoch), 1912-
_qPowell, J. Enoch (John Enoch), 1912-
_dPowell, J. Enoch (John Enoch), 1912-
_6A48788.1
245 1 0 _aNo easy answers /
_c[by] Enoch Powell.
260 _aLondon :
_bSheldon Press,
_c[1973]
650 0 _aTheology.
_6S29755.1
650 0 _aChristianity and politics.
_6S22523.1
650 0 _aChurch and social problems.
_6S2854.1
949 _aBR85
_wlcc
_i-143541
_mMAIN
_tBOOK
_lON-SHELF
004 100717
999 _c151387
_d151387